Monaco players since 2000 - Statistics

General Stats
  • This quiz has been taken 18 times
  • The average score is 97 of 332
Answer Stats
Ranking Player Positions Nationality Matches Goals Assists Periods % Correct
3 Aleksandr Golovin AM 208 31 39 2018-2025
100%
1 Danijel Subasic GK 275 1 1 2011-2019
100%
27 Radamel Falcao ST 126 73 12 2013-2014, 2016-2019
100%
40 Emmanuel Adebayor ST 100 22 5 2003-2006
93%
6 Fabinho DM 197 25 18 2013-2018
93%
98 Kylian Mbappé ST 51 22 13 2015-2018
93%
9 Wissam Ben Yedder ST 179 102 27 2019-2024
93%
141 James Rodríguez AM 34 9 13 2013-2014
87%
23 Julien Rodriguez CB 133 2 2 2000-2005
87%
16 Kamil Glik CB 149 13 7 2016-2020
87%
28 Bernardo Silva AM 125 26 17 2014-2017
80%
8 João Moutinho CM 191 10 29 2013-2018
80%
134 Adrien Silva CM 37 0 2 2018-2020
73%
7 Andrea Raggi CB 191 8 4 2012-2019
73%
144 Benjamin Mendy LB 32 0 8 2016-2017
73%
29 Benoît Badiashile CB 119 6 3 2018-2023
73%
107 Dimitar Berbatov ST 47 14 7 2013-2015
73%
84 Geoffrey Kondogbia DM 57 3 3 2013-2015
73%
41 Kevin Volland AM 99 33 22 2020-2023
73%
65 Nampalys Mendy DM 74 0 0 2010-2013
73%
48 Takumi Minamino LW 92 19 14 2022-2025
73%
96 Thilo Kehrer CB 52 6 2 2023-2025
73%
32 Vanderson RB 114 7 12 2021-2025
73%
50 Alexander Nübel GK 91 0 0 2021-2023
67%
33 Axel Disasi CB 113 11 4 2020-2023
67%
56 Breel Embolo ST 84 22 12 2022-2025
67%
81 Denis Zakaria DM 58 11 4 2023-2025
67%
17 Djibril Sidibé RB 148 5 20 2016-2018, 2020-2022
67%
230 Djibril Sidibé DM 12 0 0 2001-2002
67%
126 Fernando Morientes ST 40 19 5 2003-2004
67%
112 Folarin Balogun ST 45 11 7 2023-2025
67%
24 Jemerson CB 131 4 2 2015-2020
67%
313 Loïc Badiashile GK 2 0 0 2016-2017, 2018-2019
67%
54 Lucas Ocampos LW 86 11 6 2012-2015
67%
42 Tiemoué Bakayoko DM 97 5 3 2014-2016, 2019-2020
67%
49 Yannick Carrasco LW 91 16 20 2012-2015
67%
13 Youssouf Fofana DM 156 7 15 2019-2024
67%
12 Caio Henrique LB 160 3 37 2020-2025
60%
43 Dado Prso ST 97 33 2 2000-2004
60%
2 Flavio Roma GK 226 0 0 2001-2008, 2012-2014
60%
22 Guillermo Maripán CB 134 11 1 2019-2024
60%
15 Ludovic Giuly RW 150 40 9 2000-2003, 2011-2012
60%
52 Maghnes Akliouche RW 89 14 16 2021-2025
60%
245 Matheus Carvalho RW 10 1 1 2014-2015
60%
39 Ricardo Carvalho CB 105 2 3 2013-2016
60%
76 Stevan Jovetić CF 63 18 4 2017-2021
60%
37 Thomas Lemar AM 109 18 30 2015-2018
60%
11 Valère Germain ST 174 43 19 2010-2014, 2016-2017
60%
72 Almamy Touré CB 66 5 13 2014-2019
53%
94 Cesc Fàbregas CM 55 3 6 2018-2022
53%
139 Diego Benaglio GK 34 0 0 2017-2019
53%
36 Gelson Martins RW 110 15 10 2018-2023
53%
95 Ibrahima Touré ST 52 28 4 2011-2013
53%
131 Lamine Camara CM 38 2 7 2024-2025
53%
263 Malaury Martin DM 8 0 0 2005-2006, 2007-2008
53%
203 Mika Biereth ST 18 13 2 2024-2025
53%
88 Mohamed Camara DM 57 1 5 2022-2024
53%
70 Rafa Márquez CB 70 2 0 2000-2003
53%
78 Souleymane Camara RW 61 7 2 2001-2006
53%
162 Yaya Touré CM 27 5 7 2006-2007
53%
86 Youri Tielemans CM 57 6 2 2017-2019
53%
312 Aboubakar Kamara ST 2 0 0 2014-2015
47%
114 Édouard Cissé DM 44 3 2 2003-2004
47%
82 Javier Chevantón ST 58 23 6 2004-2006
47%
35 Krépin Diatta RW 111 8 7 2020-2025
47%
253 Mahamadou Diarra DM 9 0 1 2010-2011
47%
18 Patrice Evra LB 146 2 4 2002-2006
47%
324 Raphaël Diarra CB 1 0 0 2015-2016
47%
25 Shabani Nonda ST 128 61 3 2000-2005
47%
169 Adama Traoré AM 25 5 2 2015-2020
40%
327 Alain Traoré AM 1 0 0 2014-2015
40%
59 Aurélien Tchouaméni DM 81 5 6 2019-2022
40%
135 Djimi Traoré CB 36 0 0 2009-2011
40%
102 Éric Abidal LB 49 0 0 2000-2001, 2013-2014
40%
4 Gaël Givet CB 204 9 2 2000-2007
40%
216 Gil Dias RW 15 0 0 2017-2018, 2019-2020
40%
20 Jaroslav Plasil CM 141 6 7 2001-2008
40%
44 Jérémy Toulalan DM 95 1 3 2013-2016
40%
46 Jérôme Rothen LM 94 6 17 2001-2004
40%
315 Khéphren Thuram CM 2 0 0 2018-2019
40%
143 Lacina Traoré ST 33 6 3 2014-2016
40%
57 Layvin Kurzawa LB 83 6 8 2010-2016
40%
211 Malang Sarr CB 16 0 0 2022-2023
40%
64 Marcelo Gallardo AM 77 10 3 2000-2003
40%
19 Nabil Dirar RB 144 12 25 2011-2017
40%
120 Philipp Köhn GK 43 0 0 2023-2025
40%
195 Pierre-Emerick Aubameyang ST 19 2 3 2010-2011
40%
21 Sébastien Squillaci CB 138 12 1 2002-2006
40%
90 Anthony Martial ST 56 11 7 2013-2016
33%
127 Benjamin Henrichs RB 39 1 3 2018-2020
33%
51 Chu-young Park ST 91 25 13 2008-2011
33%
204 Edan Diop CM 18 1 0 2022-2024
33%
106 Gary Coulibaly DM 48 1 1 2011-2013
33%
167 Hélder Costa RW 25 3 2 2015-2016
33%
285 Ignacio González AM 5 1 1 2007-2008
33%
47 Ismail Jakobs LB 93 1 7 2021-2025
33%
209 Ivan Cavaleiro LW 16 2 0 2015-2017
33%
100 Jan Koller ST 50 12 0 2006-2008
33%
200 John Arne Riise LB 18 3 0 2000-2001
33%
101 Keita Baldé LW 50 12 11 2017-2018, 2019-2020
33%
277 Mamadou Coulibaly CM 6 0 0 2023-2025
33%
109 Marco Simone CF 46 13 4 2000-2003
33%
183 Nacer Chadli LW 21 0 0 2018-2019
33%
62 Nicolas N'Koulou CB 78 0 0 2008-2011
33%
58 Pontus Farnerud CM 83 6 0 2000-2002, 2004-2005
33%
53 Sofiane Diop LW 87 15 6 2018-2019, 2020-2023
33%
184 Stephan El Shaarawy LW 21 2 1 2015-2016
33%
250 Vito Mannone GK 9 0 0 2020-2021
33%
291 Yohann Thuram GK 4 0 0 2008-2010
33%
235 Abdou Diallo CB 11 0 0 2014-2015, 2016-2017
27%
26 Akis Zikos DM 127 2 2 2002-2006
27%
89 Benjamin Lecomte GK 56 0 1 2019-2021
27%
254 Christian Vieri ST 9 4 0 2005-2006
27%
14 Diego Pérez DM 155 2 4 2004-2010
27%
219 Eduardo Costa DM 15 0 1 2009-2010
27%
63 Eliesse Ben Seghir LW 78 14 7 2022-2025
27%
117 Emmanuel Rivière ST 44 14 3 2012-2014
27%
74 Fodé Ballo-Touré LB 63 0 7 2018-2021
27%
97 Gary Kagelmacher CB 52 3 2 2011-2013
27%
299 Georges-Kevin N'Koudou LW 3 0 0 2018-2019
27%
60 Guido Carrillo ST 79 15 6 2015-2018
27%
138 Hugo Ibarra RB 35 1 2 2003-2004
27%
199 Islam Slimani ST 18 9 7 2019-2020
27%
136 Javier Saviola CF 36 11 0 2004-2005
27%
85 Jérémy Ménez ST 57 14 8 2006-2009
27%
159 Jorge LB 28 2 4 2016-2018
27%
284 Kévin Diaz RM 5 0 0 2008-2009, 2011-2012
27%
5 Lucas Bernardi CM 203 3 6 2001-2008
27%
268 Marcel Tisserand CB 7 0 0 2013-2014, 2016-2017
27%
156 Marco Di Vaio ST 29 8 5 2005-2007
27%
93 Mohamed Kallon ST 55 14 0 2004-2005, 2006-2008
27%
142 Mohammed Salisu CB 33 2 1 2023-2025
27%
318 Morgan De Sanctis GK 2 0 0 2016-2017
27%
73 Nenê AM 63 19 13 2007-2010
27%
202 Oliver Bierhoff ST 18 4 0 2001-2002
27%
69 Rony Lopes RW 70 18 10 2015-2016, 2017-2020
27%
38 Ruben Aguilar RB 108 1 8 2019-2023
27%
270 Seydou Sy GK 7 0 0 2016-2019
27%
34 Stéphane Ruffier GK 113 0 0 2007-2011
27%
83 Wilfried Singo CB 58 4 4 2023-2025
27%
30 Adriano RB 116 6 6 2007-2013
20%
105 Alejandro Alonso RM 48 5 9 2008-2011
20%
174 Andreas Wolf CB 24 2 0 2011-2014
20%
214 Benjamin Moukandjo ST 16 3 1 2010-2011
20%
322 Borja López CB 1 0 0 2013-2014
20%
31 Camel Meriem AM 116 8 27 2005-2009
20%
137 Chrislain Matsima CB 35 0 2 2020-2024
20%
158 Christian Mawissa CB 28 0 0 2024-2025
20%
222 Christian Panucci RB 14 3 0 2000-2002
20%
173 Costinha DM 25 1 0 2000-2001
20%
177 Dennis Appiah RB 23 0 0 2011-2013
20%
248 Dieumerci Mbokani ST 10 1 3 2010-2011
20%
249 Eidur Gudjohnsen ST 9 0 0 2009-2010
20%
68 Eliot Matazo CM 71 2 2 2020-2025
20%
201 Fábio Coentrão LB 18 3 2 2015-2016
20%
255 Freddy Adu AM 9 0 0 2008-2009
20%
153 George Ilenikhena ST 29 5 2 2024-2025
20%
223 Gerard López CM 13 1 0 2005-2007
20%
194 Grégory Lacombe RW 19 1 1 2000-2001, 2010-2011
20%
118 Hassan El Fakiri LB 44 0 1 2002-2005
20%
115 Jean Lucas CM 44 1 1 2021-2023
20%
306 Jérémy Labor CB 2 0 0 2011-2012
20%
281 Jessy Pi DM 5 0 0 2013-2014
20%
240 Johann Carrasso GK 11 0 0 2011-2012
20%
314 Jonathan Panzo CB 2 0 0 2019-2020
20%
189 Jordan Teze RB 19 1 0 2024-2025
20%
161 Kassoum Ouattara LB 28 1 1 2023-2025
20%
308 Marco Ramos LB 2 0 0 2003-2004
20%
104 Mounir Obbadi CM 48 3 3 2012-2014
20%
151 Moussa Sylla ST 30 3 1 2017-2020
20%
269 Naldo CB 7 0 0 2018-2019
20%
152 Olivier Kapo AM 30 7 4 2005-2006
20%
186 Ousmane Dabo DM 20 0 0 2000-2001
20%
265 Pelé DM 8 0 1 2018-2019
20%
160 Philippe Christanval CB 28 0 0 2000-2001
20%
147 Philippe Léonard LB 31 0 0 2000-2003
20%
180 Pietro Pellegri ST 22 2 1 2017-2018, 2020-2021
20%
149 Rachid Ghezzal RW 30 2 3 2017-2018
20%
132 Radoslaw Majecki GK 37 0 0 2020-2021, 2023-2025
20%
71 Sébastien Puygrenier CB 67 3 3 2009-2011
20%
297 Soualiho Meïté DM 3 0 0 2017-2018
20%
99 Soungoutou Magassa DM 51 1 1 2022-2025
20%
121 Stéphane Porato GK 43 0 0 2000-2002
20%
190 Tony Sylva GK 19 0 0 2001-2004
20%
103 Wallace CB 48 1 0 2014-2016
20%
274 Aadil Assana DM 6 0 0 2011-2012
13%
164 Adama Diakhaby AM 27 2 3 2017-2018
13%
185 Alexandre Licata ST 20 7 3 2008-2009
13%
295 Alexandros Tziolis DM 3 0 0 2011-2012
13%
166 Alex Nyarko CM 26 2 0 2001-2002
13%
323 Allan Saint-Maximin LW 1 0 0 2017-2018
13%
305 André Biancarelli GK 3 0 0 2000-2001, 2005-2006
13%
332 Antonin Cartillier LB 1 0 0 2023-2024
13%
259 Antonio Barreca LB 8 0 1 2018-2019
13%
309 Arnaud Lescure CB 2 0 0 2005-2006
13%
148 Aymen Abdennour CB 30 1 0 2013-2015
13%
91 Bolívar CB 56 0 1 2006-2008
13%
191 Bruno Irles CB 19 0 0 2000-2002
13%
220 Carl Medjani CB 15 0 0 2012-2013
13%
213 Carlos Vinícius ST 16 2 2 2018-2019
13%
61 Cédric Mongongu CB 79 0 0 2007-2011
13%
176 Chris Malonga LW 24 4 1 2010-2012
13%
298 Corentin Jean ST 3 0 1 2016-2017
13%
181 Cyril Domoraud CB 22 0 0 2001-2002
13%
193 Cyril Rool LB 19 0 1 2001-2002
13%
207 Daniel Niculae ST 17 4 1 2010-2011
13%
163 Dario Simic CB 27 0 1 2008-2009
13%
288 David di Tommaso CB 4 0 0 2000-2001
13%
170 David Gigliotti ST 25 3 0 2004-2007
13%
165 Delvin N'Dinga DM 27 0 0 2012-2014
13%
157 Djamel Bakar ST 29 1 0 2006-2010
13%
145 Edgar Salli RW 32 5 3 2011-2013
13%
116 Elderson LB 44 1 1 2013-2016
13%
247 Emir Bajrami RW 10 1 1 2012-2013
13%
317 Enzo Millot AM 2 0 0 2020-2021
13%
87 Éric Cubilier RB 57 0 1 2001-2002, 2005-2006
13%
130 Eric Marester RB 38 0 0 2011-2013
13%
290 Fabien Audard GK 4 0 0 2004-2005
13%
279 Fábio Santos LB 5 1 0 2007-2008
13%
258 Farès Bahlouli AM 8 1 0 2015-2016
13%
331 Félix Lemaréchal AM 1 0 0 2021-2022
13%
251 Florentino DM 9 0 0 2020-2021
13%
225 Florian Pinteaux LB 12 0 0 2011-2012
13%
227 Florin Răducioiu ST 12 2 1 2000-2002
13%
128 Franck Jurietti LB 39 0 0 2000-2003
13%
10 François Modesto CB 174 6 4 2004-2010
13%
257 Frédéric Bulot LW 8 0 0 2010-2011
13%
122 Frédéric Nimani ST 42 9 0 2006-2007, 2008-2009, 2011-2012
13%
110 Frédéric Piquionne ST 46 12 6 2006-2008
13%
154 Gabriel Boschilia AM 29 6 2 2015-2017, 2019-2020
13%
231 Georgie Welcome ST 12 2 1 2010-2011
13%
129 Georgios Tzavellas CB 38 3 7 2011-2013
13%
283 Giulian Biancone CB 5 0 0 2018-2019, 2020-2021
13%
329 Gobé Gouano ST 1 0 0 2018-2019
13%
260 Gonzalo Vargas ST 8 0 0 2006-2007
13%
150 Guillaume Warmuz GK 30 0 0 2005-2006
13%
276 Han-Noah Massengo CM 6 0 0 2018-2019
13%
262 Henry Onyekuru LW 8 0 2 2019-2021
13%
119 Igor Lolo RB 43 2 2 2008-2011
13%
325 Ilyes Chaïbi ST 1 0 0 2015-2016
13%
302 Irvin Cardona ST 3 0 0 2016-2017
13%
293 Isaac Koné DM 3 0 0 2011-2012
13%
206 Jakob Poulsen CM 17 0 2 2012-2013
13%
179 Jean-Eudes Aholou DM 22 0 1 2018-2019, 2020-2021
13%
79 Jean-Jacques Gosso DM 61 1 3 2008-2011
13%
246 Jean-Kévin Augustin ST 10 0 0 2019-2020
13%
244 Jean-Marie Aubry GK 10 0 0 2000-2001
13%
224 Jérémy Berthod LB 12 0 0 2007-2008
13%
55 Jerko Leko DM 85 4 3 2006-2010
13%
321 Jérôme Phojo RB 1 0 0 2011-2012
13%
280 Jim Ablancourt CB 5 0 0 2003-2004
13%
267 Jimmy Juan CM 7 0 0 2002-2005
13%
236 Jordi Mboula RW 11 1 0 2017-2019
13%
155 José-Karl Pierre-Fanfan CB 29 1 0 2001-2003
13%
287 Joseph Dayo Oshadogan CB 4 0 0 2003-2005
13%
77 Juan Pablo Pino RW 61 6 6 2006-2010
13%
261 Julien Serrano LB 8 0 0 2017-2019
13%
294 Kévin Malcuit RB 3 0 0 2010-2012
13%
178 Kévin N'Doram DM 23 0 1 2016-2019
13%
168 Laurent Bonnart RB 25 0 1 2010-2011
13%
307 Laurent Lanteri RW 2 0 0 2002-2004
13%
80 Leandro Cufré LB 60 4 5 2006-2009
13%
232 Lucas Michal LW 12 0 0 2023-2025
13%
113 Lukman Haruna CM 44 3 4 2008-2011
13%
316 Lyle Foster ST 2 0 0 2019-2020
13%
326 Maarten Stekelenburg GK 1 0 0 2014-2015
13%
67 Maicon RB 71 7 3 2004-2006
13%
123 Manuel dos Santos LB 42 1 1 2005-2007
13%
229 Marama Vahirua CF 12 2 0 2011-2012
13%
182 Mario Pasalić CM 21 3 0 2015-2016
13%
311 Marko Muslin DM 2 0 0 2004-2006
13%
140 Martin Djetou CB 34 0 1 2000-2001
13%
243 Martin Sourzac GK 10 0 0 2011-2013
13%
212 Massamba Sambou CB 16 3 0 2006-2008
13%
133 Mathieu Coutadeur CM 37 1 2 2009-2011
13%
278 Mazhar Abdelrahman ST 5 0 0 2002-2003
13%
237 Moatasem Al-Musrati DM 11 1 1 2024-2025
13%
197 Moussa Maazou ST 19 5 0 2009-2011
13%
266 Moussa Saïb LM 7 1 0 2001-2002
13%
75 Myron Boadu ST 63 9 1 2021-2024
13%
238 Nacer Barazite AM 11 0 2 2011-2013
13%
172 Nicolas Bonnal LM 25 2 0 2000-2001
13%
296 Nicolas Hislen DM 3 0 0 2002-2004
13%
273 Nicolas Isimat-Mirin CB 6 0 0 2013-2014
13%
188 Nicolas Maurice-Belay LM 19 0 2 2005-2007
13%
320 Nicolas Raynier ST 2 0 0 2003-2004
13%
146 Nikola Pokrivac DM 32 2 1 2007-2009
13%
175 Olivier Sorlin DM 24 1 0 2005-2006
13%
171 Olivier Veigneau LB 25 2 1 2005-2007
13%
226 Pablo Contreras CB 12 1 1 2000-2001
13%
282 Pascal Feindouno RW 5 0 0 2010-2011
13%
272 Patrick Müller CB 7 0 0 2008-2009
13%
310 Paul Nardi GK 2 0 0 2015-2016
13%
108 Petter Hansson CB 47 0 0 2010-2012
13%
221 Rabiu Afolabi CB 14 1 0 2011-2012
13%
330 Romain Faivre RM 1 0 0 2018-2019
13%
289 Ronaël Pierre-Gabriel RB 4 0 0 2018-2019
13%
292 Saïmon Bouabré AM 4 0 0 2023-2025
13%
256 Sambou Yatabaré CM 9 1 1 2011-2012
13%
217 Samuel Grandsir RW 15 1 1 2018-2019
13%
301 Sani Kaita DM 3 0 0 2008-2009
13%
252 Sébastien Carole RW 9 1 0 2001-2004
13%
239 Sébastien Chabbert GK 11 0 0 2010-2012
13%
264 Sébastien Grax ST 8 0 0 2001-2003, 2006-2007
13%
45 Serge Gakpé RW 94 9 10 2005-2011
13%
242 Sergio Almirón CM 11 2 1 2007-2008
13%
300 Sergio Romero GK 3 0 0 2013-2014
13%
198 Stéphane Dumont DM 18 0 0 2011-2013
13%
319 Steve Pinau AM 2 0 0 2007-2008
13%
241 Strahinja Pavlović CB 11 0 0 2020-2022
13%
92 Sylvain Monsoreau CB 56 2 1 2006-2008
13%
286 Terence Kongolo CB 4 0 0 2017-2018
13%
233 Terence Makengo ST 12 0 0 2011-2012
13%
111 Thomas Mangani CM 45 2 1 2008-2012
13%
275 Thorstein Helstad ST 6 0 0 2011-2012
13%
328 Tiago Ribeiro CM 1 0 0 2021-2022
13%
187 Toifilou Maoulida ST 20 2 1 2005-2006
13%
125 Tristan Dingomé CM 40 1 9 2011-2013
13%
303 Uliano Courville MF 3 0 0 2000-2001
13%
228 Vágner Love ST 12 4 0 2015-2016
13%
205 Valentin Eysseric AM 17 1 4 2011-2013
13%
66 Vincent Muratori LB 73 0 3 2007-2012
13%
192 Vladimir Jugović CM 19 0 0 2001-2002
13%
208 Vladimir Koman AM 17 0 1 2011-2012
13%
215 Wagneau Eloi ST 15 3 0 2000-2002
13%
218 Willem Geubbels ST 15 1 0 2018-2019, 2020-2021
13%
304 William Vainqueur DM 3 0 0 2018-2019
13%
271 Wilson Isidor ST 7 0 0 2018-2019, 2021-2022
13%
234 Xavier Gravelaine ST 11 0 0 2000-2001
13%
196 Yannick Sagbo ST 19 0 1 2008-2011
13%
124 Yohan Mollo RW 42 2 6 2008-2010
13%
210 Youssef Aït Bennasser DM 16 0 2 2018-2019
13%
No matching quizzes found
Score Distribution
Percent of People with Each Score
Percentile by Number Answered
Your Score History
You have not taken this quiz